| 000 | 01173cam a2200289 a 4500 | ||
|---|---|---|---|
| 999 |
_c174631 _d174631 |
||
| 001 | 13631408 | ||
| 003 | Nust | ||
| 005 | 20170203183556.0 | ||
| 008 | 040621r20041891nyu 000 1 eng | ||
| 010 | _a 2004055139 | ||
| 020 | _a978-1517789794 (pbk.) | ||
| 020 | _a1517789796 | ||
| 040 |
_aDLC _cDLC _dDLC |
||
| 043 |
_ae-uk--- _ae-fr--- _ae-sp--- |
||
| 050 | 0 | 0 |
_aPR4622 _b.W5 2003 |
| 082 | 0 | 0 |
_a823.8 _bDOY |
| 100 | 1 |
_aDoyle, Arthur Conan, _d1859-1930. |
|
| 245 | 1 | 4 |
_aThe white company / _cSir Arthur Conan Doyle. |
| 260 |
_aMineola, N.Y. : _bDover Publications, _c2003. |
||
| 300 |
_a360 p. ; _c21 cm. |
||
| 650 | 0 |
_aHundred Years' War, 1339-1453 _vFiction. |
|
| 650 | 0 |
_aBritish _zFrance _vFiction. |
|
| 650 | 0 |
_aArchers _vFiction. |
|
| 655 | 7 |
_aHistorical fiction. _2gsafd |
|
| 655 | 7 |
_aWar stories. _2gsafd |
|
| 856 | 4 | 2 |
_3Publisher description _uhttp://www.loc.gov/catdir/enhancements/fy0618/2004055139-d.html |
| 906 |
_a7 _bcbc _corignew _d1 _eocip _f20 _gy-gencatlg |
||
| 942 |
_2ddc _cBK |
||